| 000 | 00469nam a22001697a 4500 | ||
|---|---|---|---|
| 082 | _aBSCS-1 | ||
| 100 |
_aAzqa Nadeem _993556 |
||
| 245 | _aEquilenz | ||
| 260 |
_aIslamabad _bNUST-SEECS _c2015 |
||
| 300 |
_a51 _eCD Include |
||
| 500 | _aSupervisors: Dr. Anis-ur-Rahman, Dr. Asad Anwar Butt | ||
| 563 | _aHB | ||
| 700 | 2 |
_aFaiza Ashfaq _993557 |
|
| 700 | 2 |
_aMuhammad Sagheer _993558 |
|
| 856 | _uhttp://10.250.8.41:8080/xmlui/handle/123456789/9846 | ||
| 942 |
_cPR _2ddc |
||
| 999 |
_c13268 _d13268 |
||